Southville International School and Colleges
Your cart is empty.
  • Cart
  • Lists
    Public lists Eva Luna New books Lux_list list_1
    Your lists Log in to create your own lists
  • Log in to your account
  • Your cookies
  • Search history
Southville International School and Colleges
  • Advanced search
  • Recent comments
  • Most popular
  • Libraries

Log in to your account

Log in with GOOGLE


If you do not have an external account, but do have a local account, you can still log in:

  1. Home
  2. MARC view: Harry Potter and the Order of the Phoenix /
Normal view MARC view ISBD view

Harry Potter and the Order of the Phoenix / (Record no. 34380)

[ view plain ]
MARC details
000 -LEADER
fixed length control field 01753cam a2200457 a 4500
001 - CONTROL NUMBER
control field 2639221
003 - CONTROL NUMBER IDENTIFIER
control field OSt
005 - DATE AND TIME OF LATEST TRANSACTION
control field 20140310184435.0
008 - FIXED-LENGTH DATA ELEMENTS--GENERAL INFORMATION
fixed length control field 030214s2003 nyua j 000 1 eng
020 ## - INTERNATIONAL STANDARD BOOK NUMBER
International Standard Book Number 043358078
035 ## - SYSTEM CONTROL NUMBER
System control number (OCoLC)ocm51532204
040 ## - CATALOGING SOURCE
Original cataloging agency DLC
Transcribing agency DLC
Modifying agency MTG
-- JED
-- GZG
-- MR0
-- WCM
-- XFF
-- UtOrBLW
042 ## - AUTHENTICATION CODE
Authentication code pcc
-- lcac
043 ## - GEOGRAPHIC AREA CODE
Geographic area code e-uk-en
049 ## - LOCAL HOLDINGS (OCLC)
Holding library UBCC
050 00 - LIBRARY OF CONGRESS CALL NUMBER
Classification number PZ 7
Item number .R79835Hpop 2003
090 ## - LOCALLY ASSIGNED LC-TYPE CALL NUMBER (OCLC); LOCAL CALL NUMBER (OCLC)
Local cutter number (OCLC) ; Book number/undivided call number, CALL (RLIN) Hn 2003a
100 1# - MAIN ENTRY--PERSONAL NAME
Personal name Rowling, J. K.
9 (RLIN) 17401
245 10 - TITLE STATEMENT
Title Harry Potter and the Order of the Phoenix /
Statement of responsibility, etc J.K. Rowling
250 ## - EDITION STATEMENT
Edition statement 1st American ed.
260 ## - PUBLICATION, DISTRIBUTION, ETC. (IMPRINT)
Place of publication, distribution, etc New York, NY :
Name of publisher, distributor, etc Arthur A. Levine Books,
Date of publication, distribution, etc 1920.
300 ## - PHYSICAL DESCRIPTION
Extent xi, 870 p. :
Other physical details ill. ;
Dimensions 24 cm.
500 ## - GENERAL NOTE
General note "Year 5"--Spine.
520 ## - SUMMARY, ETC.
Summary, etc When the government of the magic world and authorities at Hogwarts School of Witchcraft and Wizardry refuse to believe in the growing threat of a freshly revived Lord Voldemort, fifteen-year-old Harry Potter finds support from his loyal friends in facing the evil wizard and other new terrors.
521 ## - TARGET AUDIENCE NOTE
Target audience note
526 ## - STUDY PROGRAM INFORMATION NOTE
Reading level 950
650 #0 - SUBJECT ADDED ENTRY--TOPICAL TERM
Topical term or geographic name as entry element Wizards
Form subdivision Fiction.
9 (RLIN) 27178
650 #0 - SUBJECT ADDED ENTRY--TOPICAL TERM
Topical term or geographic name as entry element Magic
Form subdivision Fiction.
9 (RLIN) 27179
650 #0 - SUBJECT ADDED ENTRY--TOPICAL TERM
Topical term or geographic name as entry element Schools
Form subdivision Fiction.
9 (RLIN) 27180
650 #1 - SUBJECT ADDED ENTRY--TOPICAL TERM
Topical term or geographic name as entry element Coming of age
Form subdivision Fiction.
9 (RLIN) 27181
650 #0 - SUBJECT ADDED ENTRY--TOPICAL TERM
Topical term or geographic name as entry element Potter, Harry (Fictitious character)
Form subdivision Juvenile fiction.
9 (RLIN) 27182
650 #0 - SUBJECT ADDED ENTRY--TOPICAL TERM
Topical term or geographic name as entry element Wizards
Form subdivision Juvenile fiction.
9 (RLIN) 27183
650 #0 - SUBJECT ADDED ENTRY--TOPICAL TERM
Topical term or geographic name as entry element Magic
Form subdivision Juvenile fiction.
9 (RLIN) 27184
650 #0 - SUBJECT ADDED ENTRY--TOPICAL TERM
Topical term or geographic name as entry element Schools
Form subdivision Juvenile fiction.
9 (RLIN) 27185
650 #0 - SUBJECT ADDED ENTRY--TOPICAL TERM
Topical term or geographic name as entry element Hogwarts School of Witchcraft and Wizardry (Imaginary place)
Form subdivision Juvenile fiction.
9 (RLIN) 27186
651 #0 - SUBJECT ADDED ENTRY--GEOGRAPHIC NAME
Geographic name England
Form subdivision Fiction.
9 (RLIN) 27187
651 #0 - SUBJECT ADDED ENTRY--GEOGRAPHIC NAME
Geographic name England
Form subdivision Juvenile fiction.
9 (RLIN) 27188
700 1# - ADDED ENTRY--PERSONAL NAME
Personal name GrandPré, Mary.
9 (RLIN) 27189
942 ## - ADDED ENTRY ELEMENTS (KOHA)
Source of classification or shelving scheme Library of Congress Classification
Koha item type
Holdings
Withdrawn status Lost status Source of classification or shelving scheme Damaged status Home library Current library Shelving location Date acquired Total Checkouts Full call number Barcode Date last seen Copy number Price effective from Koha item type
    Library of Congress Classification   Luxembourg Library Luxembourg Library Scholastic Reading Center Section 10/09/2013   PZ 7 .R79835Hpop 2003 LEX2032 04/18/2017 1 10/09/2013 Books

Harry Potter and the Order of the Phoenix /

APA

Rowling J. K., GrandPré M., . (1920). Harry Potter and the Order of the Phoenix. New York, NY: Arthur A. Levine Books.

Chicago

Rowling J K, GrandPré Mary, . 1920. Harry Potter and the Order of the Phoenix. New York, NY: Arthur A. Levine Books.

Harvard

Rowling J. K., GrandPré M., . (1920). Harry Potter and the Order of the Phoenix. New York, NY: Arthur A. Levine Books.

MLA

Rowling J K, GrandPré Mary, . Harry Potter and the Order of the Phoenix. New York, NY: Arthur A. Levine Books. 1920.

  • Place hold
  • Print
  • Cite
  • Add to your cart (remove)
  • Save record
    BIBTEX Dublin Core MARCXML MARC (non-Unicode/MARC-8) MARC (Unicode/UTF-8) MARC (Unicode/UTF-8, Standard) MODS (XML) RIS
  • More searches
    Search for this title in:
    Other Libraries (WorldCat) Other Databases (Google Scholar) Online Stores (Bookfinder.com) Open Library (openlibrary.org)

Exporting to Dublin Core...

SOUTHVILLE LIBRARY

Southville International School and Colleges Library

1281 Tropical Ave. Cor. Luxembourg St., BF Homes International, Las Pinas City

Tel. No. 8256374 / 252358 Loc. 117/146

Powered by Koha